000
00350nam a2200133Ia 4500
008
231129s9999||||xx |||||||||||||| ||spa||
020
_a
958-614-593-X
040
_b
spa
082
_a
M863 M423m
100
_a
Mastretta Angeles
245
0
_a
Mujeres de ojos grandes
264
_a
Seix Barral
942
_2
ddc
_c
BKS
999
_c
21473
_d
21473